Articles / Enric Prat de la Riba ; amb un pròleg de Lluís Duran i Ventosa
Descripción Física:
XV ; 398 p. ; 22 cm
Colección:
Biblioteca Política de Lliga Catalana
Otros Autores:
Duran i Ventosa, Lluís, 1870-1954
MARC
| LEADER | 00000nam a2200000Ia 4500 | ||
|---|---|---|---|
| 001 | 2154 | ||
| 008 | 160829s1934 xx 000 0 cat d | ||
| 080 | |a M-3-250 | ||
| 100 | |a Prat de la Riba, Enric, |d 1870-1917 |9 25299 |e autor | ||
| 245 | |a Articles / Enric Prat de la Riba ; amb un pròleg de Lluís Duran i Ventosa | ||
| 260 | |a Barcelona : |b (Impremta Clarassó), |c 1934 | ||
| 300 | |a XV ; |c 398 p. ; |c 22 cm | ||
| 490 | |a Biblioteca Política de Lliga Catalana | ||
| 650 | |a Nacionalisme |x Catalunya |x Reculls d'escrits |9 27208 | ||
| 700 | 1 | |a Duran i Ventosa, Lluís, |d 1870-1954 |e autor del pròleg |9 24177 | |
| 901 | |a Arxiu | ||
| 942 | |n 1 |2 udc | ||
| 952 | |0 0 |1 0 |4 0 |6 M3250 |7 1 |9 44366 |a Arxiu |b Arxiu |d 2016-12-01 |l 0 |o M-3-250 |p 2154 |r 2016-12-01 00:00:00 |w 2016-12-01 |y ARXIU | ||
| 999 | |c 46947 |d 46947 | ||